000 00273pam a2200121 a 4500
020 _c
041 _aeng
100 _aNewton Eriz.
245 _aEuropean Penting & Seulpture
_hTextual Documents
260 _aNew York
_bPenguin Books Ltd
300 _a125p.
930 _a15273
999 _c92173
_d92173